| 000 | 00569nam a2200181 4500 | ||
|---|---|---|---|
| 001 | 137800 | ||
| 003 | ES-MaACL | ||
| 005 | 20230906195438.0 | ||
| 007 | t| | ||
| 008 | 070214s1973 sp r ||||1| spa d | ||
| 100 | 1 |
_aSalinger, Pierre. _9101960 |
|
| 245 | 1 | 0 |
_aCon instrucciones de mi Gobierno _b: novela / _cPierre Salinger ; [traducción del inglés por José M. Álvarez Flórez]. |
| 250 | _a1ª ed. | ||
| 260 |
_aBarcelona : _bPlaneta, _c1973. |
||
| 300 |
_a495 p. ; _c22 cm. |
||
| 700 | 1 |
_aÁlvarez Flórez, José Manuel. _920809 |
|
| 852 |
_aES-MaACL _jC-55624 |
||
| 999 |
_c137800 _d137800 |
||